| 000 | 00748cab a2200205 4500 | ||
|---|---|---|---|
| 001 | ABS41115 | ||
| 008 | 090401t1989 xxu||||| |||| 00| 0 eng d | ||
| 035 | _a(Sirsi) u28310 | ||
| 041 | _aeng | ||
| 100 | _aRodgers, C.P. | ||
| 245 | _aNew rights for harassed tenants | ||
| 260 | _c1989 | ||
| 350 | _a0 | ||
| 490 |
_aLaw Society`s Gazette _v86(25) 28 June 1989, 18-20(3) |
||
| 520 | _aFocuses on provisions in Housing Act 1988 s29 which strengthen the protection of tenants from eviction and in the light of this, discusses recent cases on harassment . | ||
| 650 | _aPROTECTION FROM EVICTION ACT 1977 S1 | ||
| 690 | _aPROPERTY-RESIDENTIAL PROPERTY-RESIDENTIAL LANDLORD AND TENANT-RESIDENTIAL TENANCIES | ||
| 942 | _n0 | ||
| 948 | _c04/03/1997 | ||
| 999 |
_c19078 _d19078 |
||